000 00422nam a22001697a 4500
003 NUST - PNEC
005 20170116180838.0
008 150811b xxu||||| |||| 00| 0 eng d
020 _a8129709740
040 _cLIBRARY
082 _a537 ULA
100 _95129
_a Ulaby, Fawwaz
245 _aElectromagnetics for engineers
_cFawwaz, Ulaby
260 _cc 2005
650 _95130
_aElectromagnetism
_x-
942 _2ddc
_cBK
999 _c64291
_d64291